Mathematics Can Be Fun / (Record no. 195312)
[ view plain ]
| 000 -LEADER | |
|---|---|
| fixed length control field | 00614nam a22001937a 4500 |
| 005 - DATE AND TIME OF LATEST TRANSACTION | |
| control field | 20230317115525.0 |
| 010 ## - LCCN (DPL NO) | |
| LC control number | ENG-136461 |
| 020 ## - INTERNATIONAL STANDARD BOOK NUMBER | |
| International Standard Book Number | 9788123418078 |
| Terms of availability | 300.00 |
| 035 ## - SYSTEM CONTROL NUMBER | |
| System control number | EN-119993 |
| 037 ## - SOURCE OF ACQUISITION | |
| Source of stock number/acquisition | DBAD/PUB |
| 082 ## - DEWEY DECIMAL CLASSIFICATION NUMBER | |
| Classification number | 510 |
| 100 ## - MAIN ENTRY--PERSONAL NAME | |
| Personal name | Perelman, Y |
| 245 ## - TITLE STATEMENT | |
| Title | Mathematics Can Be Fun / |
| Statement of responsibility, etc | By Y Perelman |
| 250 ## - EDITION STATEMENT | |
| Edition statement | Second |
| 260 ## - PUBLICATION, DISTRIBUTION, ETC. (IMPRINT) | |
| Name of publisher, distributor, etc | New Century Book House (P) Ltd |
| Place of publication, distribution, etc | Chennai |
| Date of publication, distribution, etc | 2020 |
| 270 ## - ADDRESS | |
| Address | 41-B Sidco Industrial Estate, Ambattur |
| City | Chennai |
| Postal code | 600098 |
| Telephone number | 26258410 |
| -- | 26251968 |
| -- | 26359906 |
| Electronic mail address | ncbhbook@yahoo.co.in |
| 300 ## - PHYSICAL DESCRIPTION | |
| Extent | xii388p.; |
| Dimensions | 24cm(hbk) |
| Other physical details | ill. |
| 942 ## - ADDED ENTRY ELEMENTS (KOHA) | |
| Source of classification or shelving scheme | Dewey Decimal Classification |
| Item type | English Books |
| Classification part | 510 |
| Call number suffix | YPE |
| Withdrawn status | Lost status | Not for loan | Collection code | Home library | Current library | Date acquired | Source of acquisition | Cost, normal purchase price | Full call number | Barcode | Copy number | Koha item type |
|---|---|---|---|---|---|---|---|---|---|---|---|---|
| Non-fiction | Katevara | Katevara | 17/03/2023 | DBAD/PUB | 300.00 | 510 YPE | EN-119993 | 1 | English Books |
